Countries that start with C - Statistics

General Stats
  • This quiz has been taken 16 times
  • The average score is 11 of 15
Answer Stats
Picture Answer % Correct
Canada
100%
China
100%
Cyprus
93%
Colombia
87%
Croatia
87%
Cambodia
80%
Chile
80%
Czech Republic
73%
Cameroon
67%
Cuba
67%
Chad
60%
Comoros
60%
Costa Rica
60%
Cape Verde
53%
Central African Republic
53%
No matching quizzes found
Score Distribution
Percent of People with Each Score
Percentile by Number Answered
Your Score History
You have not taken this quiz